000 00921nam a22002657a 4500
001 BR7305003
003 BR-BrBNA
005 20230928084056.0
007 ta
008 230509b bl.||||| |||| 00| 0 por d
040 _aBR-BrBNA
_bpor
_cBiblioteca Nacional de Agricultura
041 _a(Por)
072 _aF00
_b0230
_b/G514
090 _ 0230 BR7305003
100 1 _aAzzi, G.M.
110 1 _aEscola Superior de Agricultura Luiz de Queiroz, Piracicaba, SP (Brasil)
_0Tese (Doutorado)
245 1 _aIncidencia de materia estranha nos processos de carregamento da cana de acucar [Brasil]
260 3 _aPiracicaba, SP (Brasil):
_c1972.
300 _a112 p.
500 _a30 ref.; Summaries (Eng, Por). (*) Documento disponível na(o) Instituto do Acucar e do Alcool, Rio de Janeiro, RJ (Brazil)
650 _aProducao vegetal
650 _aCana de acucar
909 _a202309
_bLucia
_c55
_dLucia Elande
942 _cBK
999 _c16721
_d16721